[Event "Cappelle op"]
[Site "Cappelle la Grande"]
[Date "1997.??.??"]
[Round "4"]
[White "Relange, Eloi"]
[Black "Hunt, Harriet"]
[Result "1-0"]
[WhiteElo "2480"]
[BlackElo "2330"]

1.d4 Nf6 2.Nf3 e6 3.c4 b6 4.a3 Bb7 5.Nc3 Be7 6.d5 O-O 7.e4 d6 8.Be2 exd5
9.cxd5 Nbd7 10.Nd4 Re8 11.O-O Bf8 12.Qc2 g6 13.Bg5 Bg7 14.Rad1 a6 15.Kh1 h6
16.Bh4 Nb8 17.f4 Qd7 18.Bf3 a5 19.h3 Na6 20.Rfe1 Nc5 21.b4 axb4 22.axb4 Na6
23.Qb3 Qc8 24.e5 Nh7 25.Bg4 Qb8 26.Bd7 dxe5 27.Bxe8 Qxe8 28.fxe5 Qf8 29.e6 Qxb4
30.exf7+ Kxf7 31.Re7+ Kg8 32.Qxb4 Nxb4 33.d6 Bxd4 34.d7 Nc6 35.Re8+ Kf7 36.Rxd4 g5
37.Rxa8  1-0

[Event "Cerrado"]
[Site "Cerrado"]
[Date "1997.??.??"]
[Round "9"]
[White "Del Rey, Diego"]
[Black "Pogorelov, Ruslan"]
[Result "0-1"]
[WhiteElo "2325"]
[BlackElo "2465"]

1.d4 Nf6 2.c4 e6 3.Nf3 b6 4.a3 Ba6 5.Qc2 Bb7 6.Nc3 c5 7.dxc5 bxc5 8.Bf4 Be7
9.Rd1 O-O 10.e3 Qb6 11.Be2 d6 12.O-O Rd8 13.Rd2 Nbd7 14.Rfd1 Nf8 15.h3 Rd7
16.Bg3 Rad8 17.Qb1 a5 18.b3 Ng6 19.a4 Bc6 20.Bd3 Qb7 21.e4 Nh5 22.Bh2 Nhf4
23.Bc2 e5 24.Nd5 Ne6 25.Bg3 Nd4 26.Nxd4 cxd4 27.Rf1 Bg5 28.f4 Bh6 29.Rdd1 Bxd5
30.exd5 Nxf4 31.Bxf4 Bxf4 32.Bxh7+ Kh8 33.Bf5 Re7 34.Kh1 g6 35.Bc2 Kg7 36.Qb2 Bg5
37.g4 Rh8 38.Kg2 Ree8 39.Be4 Qe7 40.Rf3 Bf4 41.Rdf1 Qg5 42.Bc2 Rxh3 43.Rxf4 exf4
44.Qxd4+ Kg8  0-1

[Event "Ciego de Avila"]
[Site "Ciego de Avila"]
[Date "1997.??.??"]
[Round "12"]
[White "Pazos, Plinio"]
[Black "Rivera, Alberto"]
[Result "0-1"]
[WhiteElo "2330"]
[BlackElo "2420"]

1.d4 Nf6 2.c4 e6 3.Nf3 b6 4.a3 Bb7 5.Nc3 d5 6.cxd5 Nxd5 7.e3 g6 8.Bb5+ c6
9.Bc4 Bg7 10.e4 Nxc3 11.bxc3 c5 12.Qd3 cxd4 13.cxd4 Nc6 14.Bg5 Qd6 15.Rd1 O-O
16.O-O Na5 17.Ba2 Rac8 18.Rfe1 Rfe8 19.h4 Bf8 20.Ne5 Qxa3 21.Qd2 Bg7 22.Ng4 Kh8
23.Bf6 Qf8 24.e5 Nc4 25.Qf4 b5 26.Rd3 Red8 27.Bxd8 Rxd8 28.h5 Kg8 29.Nf6+ Bxf6
30.Qxf6 Re8 31.Rb1 Be4 32.Rdb3 Bxb1 33.Rxb1 a6 34.Bxc4 bxc4 35.Rb7 c3 36.Rc7 Rc8
37.Rxc8 Qxc8 38.h6 Qf8 39.Qf3 Qxh6 40.Qxc3 Qh5 41.f3 Qh4 42.Kf1 Qd8 43.Ke2 Kg7
44.Kd3 Qb6 45.Qa3 Qb1+ 46.Ke2 Qg1 47.Qxa6 Qxg2+ 48.Ke3 Qg1+ 49.Ke4 Qe1+ 50.Kf4 g5+
51.Kxg5 Qg3+ 52.Kh5 h6  0-1

[Event "Capablanca 32th Premier-A"]
[Site "Cienfuegos"]
[Date "1997.??.??"]
[Round "9"]
[White "Matamoros Franco, Carlos S"]
[Black "Franco Ocampo, Zenon"]
[Result "1/2-1/2"]
[WhiteElo "2480"]
[BlackElo "2460"]

1.d4 Nf6 2.c4 e6 3.Nf3 b6 4.a3 Ba6 5.Qc2 Bb7 6.Nc3 c5 7.dxc5 Bxc5 8.Bg5 Be7
9.e3 O-O 10.Be2 d6 11.O-O Nbd7 12.Rad1  1/2-1/2

[Event "Capablanca 32th Premier-A"]
[Site "Cienfuegos"]
[Date "1997.??.??"]
[Round "11"]
[White "Matamoros Franco, Carlos S"]
[Black "Rivera, Alberto"]
[Result "1-0"]
[WhiteElo "2480"]
[BlackElo "2440"]

1.d4 Nf6 2.c4 e6 3.Nf3 b6 4.a3 Bb7 5.Nc3 d5 6.cxd5 Nxd5 7.e3 g6 8.Bb5+ c6
9.Bc4 Bg7 10.e4 Nxc3 11.bxc3 c5 12.Bg5 Qc7 13.Qd3 O-O 14.O-O Nc6 15.Rad1 h6
16.Bh4 Na5 17.Ba2 Rac8 18.Bg3 Qd7 19.Qb1 c4 20.Rfe1 Rfd8 21.Qb2 Qe7 22.h4 Bf8
23.Bb1 Qxa3 24.Qd2 h5 25.Ng5 Bg7 26.e5 Qe7 27.Be4 Nc6 28.Qc2 Rd7 29.Re3 Qe8
30.Rf3 Rcd8 31.Re1 b5 32.Rxf7 Rxf7 33.Bxg6 Rdd7 34.Bxh5 Nd8 35.Qg6 Rde7 36.Nh7 Qc6
37.f3 b4 38.Nf6+ Kf8 39.Nh7+ Kg8 40.Nf6+ Kf8 41.Bf4 Rc7 42.Bg5 Bxf6 43.exf6 Qd6
44.Bh6+ Ke8 45.Qg8+ Kd7 46.Bxf7 bxc3 47.Qe8+ Kc8 48.Bxe6+ Kb8 49.f7  1-0

[Event "Copenhagen-ch"]
[Site "Copenhagen"]
[Date "1997.??.??"]
[Round "9"]
[White "Jorgensen, Michael"]
[Black "Greger, Roland"]
[Result "1/2-1/2"]
[WhiteElo "2275"]
[BlackElo "2310"]

1.d4 Nf6 2.c4 e6 3.Nf3 b6 4.a3 Ba6 5.Qc2 Bb7 6.Nc3 c5 7.e4 cxd4 8.Nxd4 Bc5
9.Nb3 Nc6 10.Bf4 e5 11.Bg5 h6 12.Bxf6 Qxf6 13.Bd3 O-O 14.O-O d6 15.Ne2 Ne7
16.Nbc1 Ng6 17.b4 Bd4 18.Nxd4 exd4 19.Ne2 Rfe8 20.f3 Ne5 21.Qd2 Rac8 22.Rac1 Nc6
23.Bb1 Qe5 24.Rfd1 f5 25.Ng3 f4 26.Ne2 g5 27.Nxd4 Nxd4 28.Qxd4 Red8 29.Ba2 Kf8
30.Qd3 Ke7 31.Rc2 Rc7 32.Rcd2 Bc8 33.Qd4 Qxd4+ 34.Rxd4 Be6 35.Kf2 Rdd7 36.R1d2 a5
37.bxa5 bxa5 38.Rb2 Rb7 39.Rdd2 Rdc7 40.Rb5 Rxb5 41.cxb5 Bxa2 42.Rxa2 Rc3
43.Rb2 Kd7 44.b6 Kc8 45.h4 Kb7 46.Rb5 Rc2+ 47.Kg1 Rc1+ 48.Kh2 Rc5 49.Rb2 d5
50.exd5 Rxd5 51.Kh3 h5 52.hxg5 Rxg5 53.Kh4 Rc5 54.a4 Rd5 55.g4 fxg3 56.Kxg3 Rd4
57.f4 h4+ 58.Kg4 Rxa4 59.Kg5 Rb4 60.Rf2 a4 61.f5 a3 62.Ra2 Rb3 63.Kxh4 Kxb6
64.Kg4 Kb5 65.f6 Ka4 66.f7 Rb8 67.Rf2 Rf8 68.Kg5  1/2-1/2

[Event "CZE-chT2 9697"]
[Site "CZE"]
[Date "1997.??.??"]
[Round "?"]
[White "Tupy, Martin"]
[Black "Pick, Stepan"]
[Result "1-0"]
[WhiteElo "2215"]
[BlackElo "2215"]

1.d4 Nf6 2.c4 e6 3.Nf3 b6 4.a3 Bb7 5.Nc3 d5 6.cxd5 exd5 7.g3 Be7 8.Bg2 O-O
9.O-O Nbd7 10.Qc2 c5 11.Bf4 a6 12.Rad1 Re8 13.dxc5 bxc5 14.e4 d4 15.e5 Nh5
16.Bc1 Qc7 17.Rfe1 dxc3 18.Qf5 Nhf6 19.exf6 Nxf6 20.bxc3 Rad8 21.Bf4 Qc8
22.Qxc8 Rxc8 23.Rb1 Ba8 24.c4 Bd8 25.Rxe8+ Nxe8 26.Bh3  1-0

[Event "CZE-chT 9697"]
[Site "CZE"]
[Date "1997.??.??"]
[Round "2"]
[White "Koutsin, Sergey"]
[Black "Veselovsky, Sergey"]
[Result "1/2-1/2"]
[WhiteElo "2400"]
[BlackElo "2435"]

1.d4 Nf6 2.c4 e6 3.Nf3 b6 4.a3 c5 5.e3 Bb7 6.Nbd2 g6 7.b3 Bg7 8.Bb2 O-O 9.Bd3 cxd4
10.exd4 d5 11.O-O dxc4 12.bxc4 Nc6 13.Qe2 Re8 14.Rfe1 Qd6 15.Rad1 Rac8 16.h3 Qf4
17.Nb3 Red8 18.Bc1 Qc7 19.Bb2 Qf4 20.Bc1 Qb8 21.Bb2 Nh5 22.Qe3 Qf4 23.Qe2 Qf6
24.Qe3 Qf4 25.Qe2 Qf6 26.Qe3 Ne7 27.Ne5 Qf4 28.Qe2 Qg5 29.Qg4 Qxg4 30.hxg4 Nf4
31.Bf1 g5 32.a4 Ba6 33.Rc1 Nfg6 34.Nf3 h6 35.a5 Bb7 36.Rcd1 Nc6 37.axb6 axb6
38.Ba1 Nb4 39.Rd2 Ra8 40.Bc3 Na2 41.Bb2 Nb4 42.Re3 Nc6 43.g3 Nge7  1/2-1/2

[Event "Decin op"]
[Site "Decin"]
[Date "1997.??.??"]
[Round "6"]
[White "Khurtsidze, Nino"]
[Black "Novotny, Jaroslav"]
[Result "1-0"]
[WhiteElo "2415"]
[BlackElo "2245"]

1.d4 Nf6 2.Nf3 e6 3.c4 b6 4.a3 c6 5.Bf4 Be7 6.h3 O-O 7.Nc3 d5 8.e3 Bb7 9.Qc2 Nbd7
10.Rd1 Rc8 11.Bd3 dxc4 12.Bxc4 Nd5 13.O-O Nxf4 14.exf4 Rc7 15.Rfe1 g6 16.Ne5 Kg7
17.Ne4 Nf6 18.Ng5 Bc8 19.f5 gxf5 20.Nexf7 Rxf7 21.Nxf7 Kxf7 22.Qxf5 Kg7 23.Bxe6 Bxe6
24.Rxe6 Qd5 25.Re5 Qd7 26.Qg5+ Kf7 27.Rd3 Qd6 28.Rg3 Qxd4 29.Qg7+ Ke8 30.Qxf6  1-0

[Event "Neckar op 1st"]
[Site "Deizisau"]
[Date "1997.??.??"]
[Round "8"]
[White "Farago, Ivan"]
[Black "Boehm, Martin"]
[Result "1/2-1/2"]
[WhiteElo "2440"]
[BlackElo "2255"]

1.d4 Nf6 2.c4 e6 3.Nf3 b6 4.a3 c5 5.d5 b5 6.Bg5 bxc4 7.e4 Qb6 8.Bxf6 gxf6
9.Bxc4 Bg7 10.Nc3 Ba6 11.Bxa6 Nxa6 12.O-O O-O 13.Qc2 Rab8 14.Rab1 c4 15.Qa4 f5
16.e5 Rfc8 17.Qxd7 Nc5 18.Qe7 Rb7 19.Qh4 Nd3 20.Qg3 Qa6 21.d6 Kh8 22.Rfd1 Rg8
23.Qh4 Qc6 24.Kf1 Nxe5 25.Nxe5 Bxe5 26.f3 Rd7 27.Rd4 Rxd6 28.Rxc4 Qa6 29.Ne2 Rd2
30.a4 Rg4 31.Qh6 Qxc4 32.Qxd2 Rd4 33.Qe3 Rd5 34.Rc1 Qa6 35.b3 f4 36.Qe4 Kg7
37.Qc4 Qxc4 38.Rxc4 Rd1+ 39.Kf2 Rd2 40.g3 fxg3+ 41.hxg3 Rb2 42.b4 Bxg3+ 43.Kxg3 Rxe2
44.Rc7 a5 45.bxa5 Re5 46.Rc1 Rxa5 47.Ra1 Kf6 48.Kf4 Ke7 49.Ke3 h5 50.f4 Kd6
51.Rh1 Kc6 52.Rh2 Kb6 53.Rb2+ Ka6 54.Rb8 Rf5 55.Ra8+ Kb6 56.Rh8 Ka5 57.Ra8+ Kb4
58.Kf3 Rf6 59.Rh8 Rf5 60.Ra8 f6 61.Ke3 Ra5 62.Re8 Ra6 63.Rh8 Kxa4 64.Rxh5 Rd6
65.Rh6 f5 66.Rh8 Kb5 67.Ra8 Rd7 68.Re8 Rd6 69.Ra8 Kc6 70.Ra6+ Kc7 71.Ra7+ Kc6
72.Ra6+ Kc7 73.Ra7+  1/2-1/2

[Event "GER-ch U20 qual"]
[Site "Dortmund"]
[Date "1997.??.??"]
[Round "?"]
[White "Lindinger, Markus"]
[Black "Florea, Dan"]
[Result "1/2-1/2"]
[WhiteElo "2250"]
[BlackElo "2235"]

1.Nf3 e6 2.d4 Nf6 3.c4 b6 4.a3 Ba6 5.Qc2 Bb7 6.Nc3 c5 7.e4 cxd4 8.Nxd4 d6
9.Be2 a6 10.Be3 Nbd7 11.f4 Qc7 12.O-O-O Rc8 13.g4 Nc5 14.Bf3 e5 15.Nf5 Ne6
16.Rhe1 g6 17.fxe5 dxe5 18.g5 gxf5 19.gxf6 f4 20.Bg1 Qxc4 21.Bg4 Rg8 22.Qd2 Bxa3
23.Bxe6 fxe6 24.bxa3 Qxc3+ 25.Qxc3 Rxc3+ 26.Kb2 Rf3 27.f7+  1/2-1/2

[Event "GER-ch U20 qual"]
[Site "Dortmund"]
[Date "1997.??.??"]
[Round "?"]
[White "Lindinger, Markus"]
[Black "Keller, Thomas"]
[Result "1/2-1/2"]
[WhiteElo "2250"]
[BlackElo "2215"]

1.d4 Nf6 2.c4 e6 3.Nf3 b6 4.a3 Ba6 5.Qc2 Bb7 6.Nc3 c5 7.e4 cxd4 8.Nxd4 Nc6
9.Nxc6 Bxc6 10.Bg5 Be7 11.O-O-O Qc7 12.f3 Rc8 13.Qd2 O-O 14.Kb1 Rfd8 15.Bf4 Qb7
16.Bd6 Bxd6 17.Qxd6 Qb8 18.Be2 Qxd6 19.Rxd6 Kf8 20.Rhd1 Ke7 21.b4 Ne8 22.R6d4 d6
23.Kb2 Rd7 24.Kb3 Nc7 25.R4d2 Rcd8 26.Kb2  1/2-1/2

[Event "Dortmund"]
[Site "Dortmund"]
[Date "1997.??.??"]
[Round "5"]
[White "Gelfand, Boris"]
[Black "Karpov, Anatoly"]
[Result "1/2-1/2"]
[WhiteElo "2695"]
[BlackElo "2745"]

1.d4 Nf6 2.c4 e6 3.Nf3 b6 4.a3 Bb7 5.Nc3 d5 6.Bg5 Be7 7.Qa4+ Qd7 8.Qc2 dxc4
9.e3 O-O 10.Bxc4 c5 11.dxc5 Bxc5 12.Bd3 h6 13.Bxf6 gxf6 14.Be4 Nc6 15.Rd1 Qc8
16.Na4 Be7 17.Rc1 Na5 18.Qd1 Qb8 19.Bxb7 Qxb7 20.O-O  1/2-1/2

[Event "Caledonian Masters"]
[Site "Edinburgh"]
[Date "1997.??.??"]
[Round "4"]
[White "Gormally, Daniel"]
[Black "Cobb, Charles"]
[Result "1/2-1/2"]
[WhiteElo "2425"]
[BlackElo "2290"]

1.d4 e6 2.Nf3 Nf6 3.c4 b6 4.a3 Ba6 5.Qc2 Bb7 6.Nc3 c5 7.d5 exd5 8.cxd5 Nxd5
9.Bg5 f6 10.Bd2 Nxc3 11.Bxc3 d5 12.e3 Nd7 13.Bd3 Qc7 14.O-O-O O-O-O 15.Bxh7 Kb8
16.Bd3 Bd6 17.e4 c4 18.Be2 dxe4 19.Nd4 Nc5 20.Bxc4 Bf4+ 21.Kb1 e3 22.f3 Ne4
23.Be2  1/2-1/2

[Event "Momotov mem"]
[Site "Enakievo"]
[Date "1997.??.??"]
[Round "?"]
[White "Bagaturov, Giorgi"]
[Black "Belikov, Vladimir"]
[Result "1/2-1/2"]
[WhiteElo "2475"]
[BlackElo "2500"]

1.d4 Nf6 2.Nf3 e6 3.c4 b6 4.a3 Bb7 5.Nc3 d5 6.cxd5 exd5 7.g3 Be7 8.Qa4+ c6
9.Bg2 O-O 10.O-O Nbd7 11.Rd1 Re8 12.Bf4 Nh5 13.b4 b5 14.Qb3 Nxf4 15.gxf4 a5
16.Ne5 Nxe5 17.fxe5 axb4 18.axb4 Rxa1 19.Rxa1 Bf8 20.e3 Qe7 21.Rb1 Bc8 22.Qc2 Qa7
23.Ne2 Bd7 24.e4 Rc8 25.exd5 cxd5 26.Qd3 Qa2 27.Nf4 Rc3 28.Qd1 Bc6 29.e6 fxe6
30.Qe1 Bd7 31.Nxe6 Qxb1 32.Qxb1 Bxe6  1/2-1/2

[Event "Momotov mem"]
[Site "Enakievo"]
[Date "1997.??.??"]
[Round "?"]
[White "Bagaturov, Giorgi"]
[Black "Kiselev, Sergey"]
[Result "0-1"]
[WhiteElo "2475"]
[BlackElo "2485"]

1.d4 Nf6 2.c4 e6 3.Nf3 b6 4.a3 Ba6 5.Qc2 Bb7 6.Nc3 c5 7.e4 cxd4 8.Nxd4 d6
9.Be2 Be7 10.Be3 a6 11.O-O-O Nfd7 12.f4 Nc6 13.Kb1 O-O 14.f5 Nxd4 15.Bxd4 Re8
16.fxe6 fxe6 17.e5 dxe5 18.Bxe5 Qc8 19.Bd4 Bf6 20.Bd3 h6 21.Bg6 Rf8 22.Ne4 Bxd4
23.Rxd4 Ne5 24.Bh7+ Kh8 25.Rhd1 Qc7 26.Nd6 Bc6 27.Be4 Rf6 28.Qe2 Raf8 29.Bc2 Ng6
30.g3 Bf3 31.Qe3 e5 32.R4d2 Bxd1  0-1

[Event "Enghien Les Bains"]
[Site "Enghien Les Bains"]
[Date "1997.??.??"]
[Round "4"]
[White "Bacrot, Etienne"]
[Black "Rausis, Igors"]
[Result "0-1"]
[WhiteElo "2500"]
[BlackElo "2470"]

1.d4 e6 2.c4 Nf6 3.Nf3 b6 4.a3 Bb7 5.Nc3 d5 6.Qc2 dxc4 7.Bg5 a6 8.e4 b5 9.d5 Be7
10.O-O-O exd5 11.Bxf6 Bxf6 12.Nxd5 O-O 13.Nb6 cxb6 14.Rxd8 Rxd8 15.Be2 Nd7
16.e5 Nc5 17.Qc3 Be4 18.b4 cxb3  0-1

[Event "Enghien Les Bains"]
[Site "Enghien Les Bains"]
[Date "1997.??.??"]
[Round "5"]
[White "Spraggett, Kevin"]
[Black "Kortschnoj, Viktor"]
[Result "1/2-1/2"]
[WhiteElo "2580"]
[BlackElo "2635"]

1.d4 Nf6 2.c4 e6 3.Nf3 b6 4.a3 Bb7 5.Nc3 d5 6.Bg5 Be7 7.Qa4+ c6 8.Bxf6 Bxf6
9.cxd5 exd5 10.Rd1 O-O 11.g3 c5 12.Bg2 Qe7 13.O-O Rd8 14.Rfe1 Na6 15.e3 Nc7
16.Qc2 Ne6 17.h4 Rac8 18.Rd2 a6 19.Qd1 b5 20.Ne5 b4 21.axb4 cxb4 22.Na4 a5
23.Nd3 Bc6 24.Nac5 Nxc5 25.Nxc5 Qa7 26.Rc2 Be7 27.Qd2 b3 28.Rc3 a4 29.Ra1 h6
30.Bf1 Bxc5 31.Rxc5 Be8 32.Qc3 Rxc5 33.dxc5 Rc8 34.Rc1 a3 35.Qxb3 axb2 36.Qxb2 Rxc5
37.Qd4 Rc7 38.Qxa7 Rxa7 39.Rc8 Kf8 40.Bb5 Re7 41.Kf1 f6 42.Bc6 g5 43.Ke2 Kf7
44.Bxd5+ Kg7 45.Kd3 gxh4 46.gxh4 Bf7 47.Bc6 Re5 48.Kd4 Rh5 49.Rc7 Rxh4+ 50.f4 Kf8
51.Rc8+ Ke7 52.Rc7+ Kf8 53.Bd5 Bxd5 54.Kxd5 Rh3 55.e4 Rf3 56.f5 Ra3 57.Rh7 Ra5+
58.Kd4 Ra4+ 59.Ke3 Ra3+ 60.Kd4 Ra4+ 61.Kd5 Ra5+ 62.Ke6 Ra6+  1/2-1/2

[Event "FIN-chT 9697"]
[Site "FIN"]
[Date "1997.??.??"]
[Round "8.5"]
[White "Taivainen, Jukka"]
[Black "Lahtinen, Markku"]
[Result "1/2-1/2"]
[WhiteElo "2270"]
[BlackElo "2230"]

1.d4 Nf6 2.Nf3 e6 3.c4 b6 4.a3 Ba6 5.Qc2 c5 6.e4 cxd4 7.Nxd4 Bc5 8.Nb3 Bd6
9.Be2 Qc7 10.g3 Nxe4 11.Qxe4 Bb7 12.Qg4 Bxh1 13.f3 h5 14.Qxg7 Be5 15.Qg5 Nc6
16.Bf4 h4 17.Nc3 hxg3 18.Nb5 Qd8 19.Qxg3 Qf6 20.Bxe5 Nxe5 21.O-O-O Qh6+ 22.Nd2 Qxh2
23.Nc7+ Kd8 24.Qxh2 Rxh2 25.Nxa8 Kc8 26.f4 Bxa8 27.fxe5 Rxe2 28.Rf1 Rxe5
29.Rxf7 Rf5 30.Rg7 Kc7 31.Kc2 b5 32.cxb5 Rxb5 33.b4 a5 34.Kc3 axb4+ 35.axb4 Bd5
36.Nc4 Bxc4 37.Kxc4 Rh5 38.Rg8 d6 39.Re8 Kd7 40.Ra8 Kc6 41.Ra6+ Kc7 42.b5 Rh4+
43.Kc3 e5 44.Ra7+ Kb6 45.Ra6+ Kc5 46.Rc6+ Kd5 47.Rc8 Rh1 48.Kc2 Rh7 49.Kc3 e4
50.Re8 Rh1 51.Kc2 Kd4 52.b6 Rh2+ 53.Kb3 Rh7 54.Kb4 Rh1 55.Kb5 Rb1+ 56.Kc6 d5
57.b7 e3 58.b8=Q Rxb8 59.Rxb8 e2 60.Re8 Kd3 61.Kxd5 Kd2 62.Kd4 e1=Q 63.Rxe1 Kxe1  1/2-1/2

[Event "FIN-chT 9798"]
[Site "Finland"]
[Date "1997.??.??"]
[Round "1"]
[White "Yrjola, Jouni"]
[Black "Veingold, Aleksandr"]
[Result "1/2-1/2"]
[WhiteElo "2435"]
[BlackElo "2460"]

1.Nf3 Nf6 2.c4 e6 3.d4 b6 4.a3 Bb7 5.Nc3 d5 6.Bg5 Be7 7.Qa4+ Qd7 8.Qxd7+ Nbxd7
9.Nb5 O-O 10.cxd5 Nxd5 11.Nxc7 Bxg5 12.Nxd5 Bxd5 13.Nxg5 Nf6 14.e3 Rfc8 15.Bd3 Bxg2
16.Rg1  1/2-1/2

[Event "Fourmies op"]
[Site "Fourmies"]
[Date "1997.??.??"]
[Round "6"]
[White "Tkachiev, Vladislav"]
[Black "Gurevich, Mikhail"]
[Result "0-1"]
[WhiteElo "2630"]
[BlackElo "2585"]

1.d4 Nf6 2.c4 e6 3.Nf3 b6 4.a3 Bb7 5.Nc3 d5 6.Qc2 Be7 7.cxd5 exd5 8.g3 O-O
9.Bh3 Nbd7 10.O-O Re8 11.Bf4 Nh5 12.Bd2 a6 13.Rfe1 Bd6 14.Rad1 Ndf6 15.Bg5 h6
16.Bc1 Ne4 17.Nxe4 Rxe4 18.Bg2 Re8 19.Nh4 Nf6 20.Nf5 Bf8 21.Bf4 Rc8 22.Bh3 c5
23.dxc5 bxc5 24.Bg2 Qb6 25.Ne3 g5 26.Bxg5 hxg5 27.Qf5 Bh6 28.Nxd5 Bxd5 29.Bxd5 Nxd5
30.Rxd5 c4 31.e4 Qe6 32.Qf3 g4 33.Qd1 Bg7 34.Rg5 Kf8 35.e5 Red8 36.Qe2 Bh6
37.Rxg4 Rd2 38.Qe4 Rxb2 39.h3 f5 40.exf6 Qxe4 41.Rgxe4 c3  0-1

[Event "FRA-chT9697 groupe B"]
[Site "France"]
[Date "1997.??.??"]
[Round "2"]
[White "Bacrot, Etienne"]
[Black "Chabanon, Jean Luc"]
[Result "1/2-1/2"]
[WhiteElo "2500"]
[BlackElo "2435"]

1.d4 Nf6 2.Nf3 e6 3.c4 b6 4.a3 Bb7 5.Nc3 g6 6.Qc2 Bg7 7.e4 d6 8.Be2 O-O 9.O-O Nbd7
10.Be3 Ng4 11.Bg5 f6 12.Bd2 f5 13.h3 Ngf6 14.Ng5 Re8 15.Bf3 fxe4 16.Ngxe4 Nxe4
17.Bxe4 Bxe4 18.Qxe4 d5 19.Qd3 c5 20.dxc5 Nxc5 21.Qf3 dxc4 22.Be3 Nd3 23.Rad1 Qf6
24.Qe2 Rad8 25.Qg4 Qe5 26.Rd2 Nxb2 27.Rxb2 Qxc3 28.Rb4 Qxa3 29.Rxc4 Rd7 30.Rfc1 Qf8
31.Rc8 Rxc8 32.Qxe6+ Kh8 33.Qxd7 Rxc1+ 34.Bxc1 a5 35.Be3 Qb8 36.Bxb6 Be5
37.Qb5 a4 38.Qxa4 Bh2+ 39.Kh1 Qxb6 40.Qa1+ Kg8 41.Qa2+ Kg7 42.Kxh2 h5 43.h4 Qd4
44.g3 Kf6 45.Qe2 Kf7 46.Kg2 Qd7 47.Qc4+ Kg7 48.Qc5 Qb7+ 49.Kf1 Qe4 50.Qc3+ Kf7
51.Qe3 Qc2 52.Ke1 Kf6 53.Qd2 Qb1+ 54.Ke2 Qe4+ 55.Qe3 Qc2+ 56.Kf3 Qd1+ 57.Ke4 Qc2+
58.Kd5 Qa2+ 59.Kc6 Qa6+ 60.Kc7 Qa5+ 61.Kd6 Qa6+ 62.Kd5 Qa2+ 63.Kd4 Qa4+ 64.Kd3 Qb3+
65.Ke2 Qc2+ 66.Kf3 Qd1+ 67.Kg2 Qc2 68.Qg5+ Kf7 69.Qd5+ Kf6 70.Qd4+ Kf7 71.Kf3 Qc6+
72.Ke3 Qc1+ 73.Ke4 Qb1+ 74.Kd5 Qb5+ 75.Qc5 Qd7+ 76.Kc4 Qa4+ 77.Kc3 Qa1+ 78.Kb4 Qb2+
79.Ka5 Qb3 80.Ka6 Qb2 81.Qd5+ Kf6 82.Qc6+ Kf5 83.Qd7+ Ke4 84.Qc6+ Kf5 85.Qc8+ Ke4
86.Qe6+ Kf3  1/2-1/2

[Event "Arnold mem"]
[Site "Gausdal"]
[Date "1997.??.??"]
[Round "4"]
[White "Bae, Torstein"]
[Black "Ostenstad, Berge"]
[Result "0-1"]
[WhiteElo "2200"]
[BlackElo "2465"]

1.d4 Nf6 2.c4 e6 3.Nf3 b6 4.a3 Ba6 5.Qc2 Bb7 6.Nc3 c5 7.e4 cxd4 8.Nxd4 d6
9.Be2 Be7 10.O-O O-O 11.Rd1 Nbd7 12.Bg5 a6 13.Rac1 Qc7 14.f4 Rac8 15.Kh1 Rfe8
16.b4 h6 17.Bxf6 Nxf6 18.Bd3 d5 19.cxd5 Qxf4 20.dxe6 fxe6 21.Qe2 b5 22.Rf1 Qe5
23.Nf3 Qh5 24.e5 Ng4 25.h3 Rf8 26.Kg1 Bd8 27.Nh2 Bb6+ 28.Kh1 Nf2+ 29.Rxf2 Rxf2
30.Qxh5 Bxg2+  0-1

[Event "Arnold mem"]
[Site "Gausdal"]
[Date "1997.??.??"]
[Round "7"]
[White "Elsness, Frode"]
[Black "Bjerke, Richard"]
[Result "0-1"]
[WhiteElo "2350"]
[BlackElo "2270"]

1.d4 Nf6 2.c4 e6 3.Nf3 b6 4.a3 Ba6 5.Qc2 c5 6.d5 exd5 7.cxd5 g6 8.Nc3 Bg7
9.g3 O-O 10.Bg2 d6 11.O-O Re8 12.Re1 b5 13.Rb1 Nbd7 14.b4 Rc8 15.Qb3 Qb6
16.Bb2 Ng4 17.Nd1 c4 18.Qc2 Nde5 19.Nxe5 Nxe5 20.Bc3 Bb7 21.h3 Rc7 22.Ne3 Rce7
23.Rbd1 f5 24.Qb2 Qd8 25.Nc2 a6 26.Nd4 Qa8 27.Kh2 Qa7 28.Rf1 Qa8 29.Nc2 Bh6
30.f4 Nd7 31.e3 Nb6 32.Bf6 Rf7 33.e4 fxe4 34.Ne3 Nxd5 35.Ng4 Bf8 36.Bd4 h5
37.Nf6+ Nxf6 38.Bxf6 e3 39.f5 e2 40.fxg6 exf1=N+ 41.Rxf1 Rd7 42.Rf5 Bxg2
43.Rxh5 Bg7 44.Rh7 Bf1  0-1

[Event "Geneve op"]
[Site "Geneve"]
[Date "1997.??.??"]
[Round "4"]
[White "Epishin, Vladimir"]
[Black "Olivier, Jean Christophe"]
[Result "1-0"]
[WhiteElo "2600"]
[BlackElo "2305"]

1.d4 Nf6 2.c4 e6 3.Nf3 b6 4.a3 Bb7 5.Nc3 d5 6.Qc2 dxc4 7.e4 c5 8.d5 exd5
9.exd5 Bd6 10.Bxc4 O-O 11.O-O a6 12.Bg5 b5 13.Ba2 Nbd7 14.Ne4 Be7 15.Rae1 Nxe4
16.Bxe7 Qxe7 17.Rxe4 Qd6 18.Nh4 g6 19.Rd1 Nf6 20.Re3 Rfe8 21.Rg3 c4 22.Bb1 Nxd5
23.Nf5 Qe5 24.h3 Nf4 25.Nh6+ Kf8 26.Rd7 Bd5 27.Kh2 Be6 28.Rb7 Ne2 29.f4 Qxf4
30.Qxe2 Qxh6 31.Qe5 Kg8 32.Qf6 Qg7  1-0

[Event "Geneve op"]
[Site "Geneve"]
[Date "1997.??.??"]
[Round "5"]
[White "Sher, Miron N"]
[Black "Leib, Agripa"]
[Result "0-1"]
[WhiteElo "2470"]
[BlackElo "2180"]

1.c4 e6 2.Nf3 Nf6 3.d4 b6 4.a3 Bb7 5.Nc3 Ne4 6.Nxe4 Bxe4 7.Nd2 Bb7 8.e4 d6
9.g3 Nd7 10.Bg2 Be7 11.O-O O-O 12.d5 Bf6 13.Rb1 a5 14.b3 Re8 15.Qc2 Rb8 16.Rd1 Bc8
17.b4 axb4 18.axb4 Qe7 19.Nf1 g6 20.Rb3 Bb7 21.Ne3 Bg7 22.Ra3 Ra8 23.Rdd3 Qf8
24.Qa2 Rxa3 25.Rxa3 Ra8 26.dxe6 fxe6 27.c5 bxc5 28.Qxe6+ Qf7 29.Bh3 Nf8 30.Qxf7+ Kxf7
31.bxc5 Bxe4 32.cxd6 cxd6 33.Nc4 Ke7 34.Bf4 Bd4 35.Bxd6+ Kf7 36.Bg2 Rxa3
37.Bxa3 Bxg2 38.Kxg2 Ne6 39.Nd6+ Kf6 40.Ne4+ Kf5 41.Nd6+ Kf6 42.f4 Kg7 43.Kf3 Bc5
44.Bb2+ Bd4 45.Bc1 Bc5 46.Nc4 Bd4 47.Ke4 Kf6 48.Bd2 Bg1 49.Ne5 Bd4 50.Nf3 Bb2
51.g4 Ba1 52.Be3 Bc3 53.Bf2 Bb2 54.Be1 Ba1 55.Bd2 Ng7 56.Be3 Ne8 57.Bc5 Ng7
58.Bf2 Ne6 59.Bh4+ Kg7 60.Be7 Bb2 61.Bd6 Bc1 62.Ne1 Bd2 63.Nd3 Kf6 64.Be5+ Ke7
65.Bb2 Ba5 66.Ba3+ Kf6 67.Kd5 Bd2 68.Bb2+ Kf7 69.Ke4 Ke7 70.Ba3+ Kf6 71.Bd6 Kg7
72.Nb2 Kf6 73.Nc4 Bc1 74.h4 Kg7 75.f5 Nd8 76.Be5+ Kg8 77.f6 Bh6 78.Bd6 Bc1
79.Bf4 Bxf4 80.Kxf4 Kf7 81.g5 Ke6 82.Ne5 Nb7 83.Nc6 Nd6 84.Nd4+ Kd5  0-1

[Event "Geneve op"]
[Site "Geneve"]
[Date "1997.??.??"]
[Round "7"]
[White "Cvitan, Ognjen"]
[Black "Dautov, Rustem"]
[Result "1/2-1/2"]
[WhiteElo "2550"]
[BlackElo "2590"]

1.d4 Nf6 2.c4 e6 3.Nf3 b6 4.a3 Bb7 5.Nc3 d5 6.cxd5 Nxd5 7.e3 Nf6 8.Bd3 c5
9.O-O Nbd7 10.Qe2 a6 11.Rd1 Qb8 12.Bc2 Bd6 13.dxc5 Bxc5 14.h3 O-O 15.e4 h6
16.Be3  1/2-1/2

[Event "BL9697 (Women)"]
[Site "Germany"]
[Date "1997.??.??"]
[Round "?"]
[White "Ulms, Sandra"]
[Black "Steinbacher, Claudia"]
[Result "0-1"]
[WhiteElo "2070"]
[BlackElo "2030"]

1.d4 Nf6 2.c4 e6 3.Nf3 b6 4.a3 Bb7 5.Bg5 Be7 6.e3 d6 7.Nc3 Nbd7 8.Be2 O-O
9.Rc1 h6 10.Bxf6 Bxf6 11.O-O g6 12.d5 Bxc3 13.Rxc3 e5 14.b4 f5 15.Nd2 Nf6
16.f4 Qe7 17.fxe5 dxe5 18.Nb3 Ne4 19.Rd3 Rad8 20.Qc2 Ba6 21.Rdd1 Bb7 22.Bd3 Nf6
23.e4 Ng4 24.Qe2 Qg5 25.h3 Qe3+ 26.Kh1 Qxe2 27.Bxe2 Ne3 28.Nd2 Nxf1 29.Bxf1 c6
30.Nf3 Rfe8 31.exf5 gxf5 32.d6 c5 33.Nh4 Bc8 34.Be2 Kh7 35.bxc5 bxc5 36.Rd5 e4
37.Bh5 Rg8 38.Rxc5 Rxd6 39.Bg6+ Rdxg6 40.Nxg6 Kxg6 41.Kg1 Be6 42.Rc6 Kf6
43.Ra6 Rg7 44.Kf2 Ke5 45.c5 f4 46.Ra4 e3+ 47.Kf1 Bd5 48.h4 Rxg2  0-1

[Event "BL2-W9697"]
[Site "Germany"]
[Date "1997.??.??"]
[Round "?.6"]
[White "Molinaroli, Martin"]
[Black "Meyer, Peter"]
[Result "1/2-1/2"]
[WhiteElo "2265"]
[BlackElo "2330"]

1.d4 Nf6 2.Nf3 e6 3.c4 b6 4.a3 Bb7 5.Nc3 g6 6.d5 exd5 7.cxd5 Bg7 8.g3 O-O
9.Bg2 c6 10.O-O Na6 11.Bg5 h6 12.Bf4 cxd5 13.Nd4 Nc5 14.Ndb5 Ne6 15.Be5 Bc6
16.Rc1 a6 17.Nd4 Qe7 18.e3 Rac8 19.Re1 Ne4 20.Bxg7 Nxg7 21.Nxc6 dxc6 22.Nxe4 dxe4
23.Qd4 c5 24.Qxe4 Qf6  1/2-1/2

[Event "BL2-W9697"]
[Site "Germany"]
[Date "1997.??.??"]
[Round "?.2"]
[White "Sjodahl, Pontus"]
[Black "Morawietz, Dieter"]
[Result "1/2-1/2"]
[WhiteElo "2410"]
[BlackElo "2430"]

1.d4 Nf6 2.c4 e6 3.Nf3 b6 4.a3 Ba6 5.Qc2 Bb7 6.Nc3 c5 7.e4 cxd4 8.Nxd4 d6
9.Be2 Be7 10.O-O a6 11.Be3 O-O 12.f3 Nbd7 13.a4 Qc7 14.a5 bxa5 15.Nb3 d5
16.exd5 exd5 17.Nxa5 dxc4 18.Kh1 Rac8 19.Nxc4 Rfe8 20.Bf2 Bf8 21.b3 g6 22.Rfe1 Nh5
23.Bf1 Ne5 24.Ne4 Nxc4 25.Bxc4 Bg7 26.Rad1 Qf4 27.Ng3 Be5 28.Kg1 Nf6 29.Qc1 Qxc1
30.Rxc1 a5 31.Bb6 Ra8 32.Bb5 Re6 33.Bf2 Bd5 34.Bc4 Bxc4 35.Rxc4 Rb8 36.Rc5 Bxg3
37.hxg3 Rxe1+ 38.Bxe1 Rxb3 39.Bxa5 h5 40.Rc8+ Kh7 41.Bc3 Rb1+ 42.Kh2 Rb6  1/2-1/2